书目信息 |
| 题名: |
实用英语词组巧记
|
|
| 作者: | 程勇 主编 | |
| 分册: | ||
| 出版信息: | 北京 国防工业出版社 2006 |
|
| 页数: | 458页 | |
| 开本: | 21cm | |
| 丛书名: | ||
| 单 册: | ||
| 中图分类: | H314.3 | |
| 科图分类: | ||
| 主题词: | 英语 , 短语 , 英语--短语--记忆术 , 记忆术 | |
| 电子资源: | ||
| ISBN: | 7-118-04734-1 | |
| 000 | 00819nam0 2200265 450 | |
| 001 | 070730000347 | |
| 005 | 20071015101348.79 | |
| 010 | @a7-118-04734-1@dCNY28.00 | |
| 035 | @a003318969 | |
| 100 | @a20060104d2006 em y0chiy0110 ea | |
| 101 | 0 | @achi@aeng |
| 102 | @aCN@b110000 | |
| 105 | @ay z 000yy | |
| 200 | 1 | @a实用英语词组巧记@Ashi yong ying yu ci zu qiao ji@f程勇主编 |
| 210 | @a北京@c国防工业出版社@d2006 | |
| 215 | @a458页@d21cm | |
| 330 | @a本书选取了约170个常用英语多功能小词。这些词主要是一些动词、介词和副词,全部是日常学习生活中常见的,并且能与别的词结合,构成词组的能力很强。 | |
| 606 | 0 | @a英语 |
| 606 | 0 | @a短语 |
| 606 | 0 | @a英语@x短语@x记忆术 |
| 606 | 0 | @a记忆术 |
| 690 | @aH314.3@v4 | |
| 701 | 0 | @a程勇@Acheng yong@c(大学英语)@4主编 |
| 801 | 0 | @aCN@c20071015 |
| 905 | @dH314.3@eC782 | |
| 实用英语词组巧记/程勇主编.-北京:国防工业出版社,2006 |
| 458页;21cm |
| ISBN 7-118-04734-1:CNY28.00 |
| 本书选取了约170个常用英语多功能小词。这些词主要是一些动词、介词和副词,全部是日常学习生活中常见的,并且能与别的词结合,构成词组的能力很强。 |
| ● |
| 相关链接 |
|
|
|
正题名:实用英语词组巧记
索取号:H314.3/C782
 
预约/预借
| 序号 | 登录号 | 条形码 | 馆藏地/架位号 | 状态 | 备注 |
| 1 | 650761 | 206507617 | 语言库209/209语言库 36排2列5层/ [索取号:H314.3/C782] | 在馆 | |
| 2 | 650762 | 206507626 | 语言库209/209语言库 36排2列5层/ [索取号:H314.3/C782] | 在馆 | |
| 3 | 650763 | 206507635 | 语言库209/209语言库 36排2列5层/ [索取号:H314.3/C782] | 在馆 |